000 00521nam a2200193Ia 4500
005 20250508152701.0
008 008 250505s9999 xx 000 0 eng d
037 _aTextual
040 _aFEDL
_beng
_cFEDL
041 _aeng
_2eng
084 _a341.13, EIC
_qFEDL
100 _aEichelberger Clark M.
245 0 _aUN : The first fifteen years
260 _aNew York, USA
_bHarper and Brothers
_c1960
300 _ax,147p
650 _aLaw
942 _cTEXL
_h341.13, EIC
999 _c1338041
_d1338041